000 00457nam a2200193Ia 4500
005 20250603145943.0
008 250603s9999 xx 000 0 und d
020 _a9780321495426
050 _aPE 1408 .W77/
100 _aMorenberg, Max
245 4 _aThe writer's options : lessons in style and arrangement
250 _a8th ed.
260 _aBoston
260 _bPearson
260 _c2008
300 _a268 p
650 _aBoston
942 _cBK
999 _c43344
_d43344